000 004870000a22001690004500
041 0 _aSPA
082 0 4 _aG 306.08 C577a
100 1 _aCipolletti, María Susana
245 1 0 _aAipë koka : La palabra de los antiguos. Tradición oral Siona-Secoya / María Susana Cipolletti
260 _aQuito, Ecuador : Abya-yala
300 _a286 Pag
001 9446
942 _cBK
999 _c39453
_d39453
336 _atexto
_btxt
_2rdacontent
337 _2rdamedia
_asin mediación
_bn
338 _2rdacarrier
_avolumen
_bnc